Statistical abstract, India, 1989 (Record no. 509244)

000 -LEADER
fixed length control field 00859cam a22001457a 4500
008 - FIXED-LENGTH DATA ELEMENTS--GENERAL INFORMATION
fixed length control field 180718b-- xxu||||| |||| 00| 0 eng d
082 ## - DEWEY DECIMAL CLASSIFICATION NUMBER
Classification number A84x54/1989
100 ## - MAIN ENTRY--PERSONAL NAME
Personal name India. Ministry of Statistics and Programme Implementation. Central Statistical Organisation
9 (RLIN) 3651
245 ## - TITLE STATEMENT
Title Statistical abstract, India, 1989
Statement of responsibility, etc by Central Statistical Organisation, Ministry of Statistics and Programme Implementation
260 ## - PUBLICATION, DISTRIBUTION, ETC. (IMPRINT)
Place of publication, distribution, etc New Delhi
Name of publisher, distributor, etc Central Statistical Organisation, Ministry of Statistics and Programme Implementation
Date of publication, distribution, etc 1989
300 ## - PHYSICAL DESCRIPTION
Extent 612p.
500 ## - GENERAL NOTE
General note Library has 1926/27-1935/36, 1928/29-1937/38, 1936/37-1940/41, 1946/47, 1949/50, 1950/51-1953/54, 1955/56-1958/59, 1961/62-1970/71, 1972/73, 1974/75-1975/76, 1977/78-1980/81, 1982/83, 1984/85-1987/88, 1989/90-1990/91, 1992/93, 1996/97-2003, 2005-2007
650 ## - SUBJECT ADDED ENTRY--TOPICAL TERM
Topical term or geographic name as entry element India - Statistics
9 (RLIN) 3652
942 ## - ADDED ENTRY ELEMENTS (KOHA)
Source of classification or shelving scheme
Holdings
Withdrawn status Lost status Source of classification or shelving scheme Damaged status Koha normalized classification for sorting Not for loan Permanent location Current location Date acquired Full call number Barcode Date last seen Price effective from Koha item type
        A_84X54_1989_000000000000000   Indian Institute of Public Administration Indian Institute of Public Administration 2019-04-29 A84x54/1989 GG33972 2019-04-29 2019-04-29 GG

Powered by Koha